000 00593nam a2200217 a 4500
001 27511
003 BD-RjUL
005 20211209051150.0
008 140325s1965 enka b 001 0 eng d
035 _a(BD-RjUL)27585
040 _aBD-RjUL
_beng
_cBD-RjUL
_dBD-RjUL
041 _aeng
082 _a959.5053
_219
_bPUM 1965
100 _aPurcell, Victor
_977256
245 0 0 _aMalaysia /
260 _aLondon :
_bThames and Hudson,
_c1965.
300 _a[4] 224 p. :
_bill. ;
_c25 cm
504 _aIncludes bibliographies and indexes.
650 _aMalaysia History
_984505
942 _2ddc
_cBK
999 _c27511
_d27511